000 01415nam a22003737a 4500
003 CHAP
005 20220329143223.0
008 070413d2007 mx a b r 00110 spa d
010 _a93499
011 _a94471
035 _a105061
040 _cCHAP
090 _aTesis
100 1 _aGonzález Ovando, María Luisa.
_949253
245 1 0 _aPropuesta de manejo del área verde " Plaza Milenio", Coacalco, Estado de México
_c/por González Ovando María Luisa
260 _aChapingo, Méx. :
_bEl autor,
_c2007.
502 _aTesis (Ing. en Restauración Forestal) -- UACH, División de Ciencias Forestales
530 _aTambién disponible en línea
590 _aALEPH
_b10
_c20130110
_lUCH01
_h1517
590 _aBATCH-UPD
_b10
_c20130110
_lUCH01
_h0427
590 _aBATCH-UPD
_b10
_c20130410
_lUCH01
_h0102
590 _aBATCH-UPD
_b10
_c20130914
_lUCH01
_h1235
590 _aBATCH-UPD
_b10
_c20140324
_lUCH01
_h1502
590 _aBATCH-UPD
_b10
_c20141002
_lUCH01
_h0833
590 _aCONVERSION
_b10
_c20130109
_lUCH01
_h1352
650 0 4 _aArboricultura urbana
_zMexico (Edo.).
_96705
650 0 4 _aEcología urbana.
_935187
856 _3Finding aid
_uhttp://10.13.5.2/tesis/105061.pdf
_zTeclea aqui
901 _aBK
905 _aLuis Gutiérrez Merin
942 _cFOLL
949 _aTesis
_bBC
_cTES
_d33724002026769
_eTS1
_h46598
_i105061
_sb
949 _aTesis
_bBC
_cTES
_d33724002026777
_eTS2
_fc.2
_h46500
_i105061
_si
999 _c93499
_d93499